000 00477nam a22001937a 4500
999 _c195492
_d195492
005 20230331115452.0
010 _aB-755432
020 _a9789587534252
035 _aB-755432
037 _bGift
082 _a888
100 _aNavarro, Sofia Ospina De
245 _aDejennos Tranquilas/
_cSofia Ospina De Navarro
260 _aColombia
270 _aColombia
300 _a116p.
_c21cm(pbk)
942 _2ddc
_cEN
_m888